000 00330nam a2200145Ia 4500
008 230718s9999 xx 000 0 und d
041 _aEng.
082 _a340.59
_bAFG-I
100 _aAfghani, Hassan
245 0 _aIslamic Juridprudence
260 _aPakistan
_bLaw times
_c2004
300 _a127
650 _aLaw
999 _c27841
_d27841